| 000 | 00387nam a2200145Ia 4500 | ||
|---|---|---|---|
| 008 | 220204s9999 xx 000 0 und d | ||
| 082 |
_a631.43:630*91 _bSYE |
||
| 100 | _aRimmer, D L | ||
| 245 | 0 | _aSoil science and sustainable land management in the tropics. | |
| 260 |
_aU K _bCABI _c1994 |
||
| 650 | _aAgrohydrology | ||
| 650 | _aSoil organism | ||
| 700 | _aSyers, J K | ||
| 942 | _cBK | ||
| 999 |
_c40663 _d40663 |
||